[Event "Titled Tue 17th Jun Late"]
[Site "chess.com INT"]
[Date "2025.06.17"]
[Round "11"]
[White "Beyer, Lorenz"]
[Black "Volodin, Alexandr E."]
[Result "1-0"]
[WhiteTitle "CM"]
[BlackTitle "FM"]
[WhiteElo "2226"]
[BlackElo "2344"]
[WhiteFideId "16245393"]
[BlackFideId "34268871"]
[EventDate "2025.06.17"]

1. d4 Nf6 2. Bf4 d5 3. e3 c5 4. c3 Nc6 5. Nf3 cxd4 6. exd4 g6 7. h3 Bg7 8. Bd3
O-O 9. O-O Bf5 10. Re1 Rc8 11. Qe2 Bxd3 12. Qxd3 Ne4 13. Nbd2 f5 14. Ng5 e5 15.
Ne6 Qd6 16. Nxf8 exf4 17. f3 Nxd2 18. Qxd2 Rxf8 19. Re2 Na5 20. b3 Nc6 21. Rae1
Kf7 22. Re6 Qxe6 23. Rxe6 Kxe6 24. Qxf4 Kd7 25. c4 Bxd4+ 26. Kh1 Re8 27. Qd2
dxc4 28. bxc4 Kd6 29. f4 Kc5 30. Qc2 h5 31. Qa4 a6 32. Qb3 h4 33. Qd1 Bf2 34.
Qd5+ Kb6 35. g4 hxg3 36. Kg2 Re2 37. Kf3 Re3+ 38. Kg2 Rc3 39. Qf7 Rc2 40. Qxg6
Be1+ 41. Kf1 g2+ 42. Kg1 Ka7 43. Qxf5 Nd4 44. Qc5+ Kb8 45. Qd6+ Kc8 46. Qxd4
Rxa2 47. Qc5+ Kd7 48. Qd5+ Kc8 49. Qe6+ Kc7 50. Qxe1 a5 51. Qe5+ Kc8 52. Qc5+
Kb8 53. Qd6+ Ka8 54. f5 Ra1+ 55. Kxg2 Ra2+ 56. Kg3 Ra1 57. f6 Rf1 58. Qe7 Rg1+
59. Kh4 Rg8 60. f7 Rh8+ 61. Kg3 Ka7 62. f8=Q Rxf8 63. Qxf8 b6 64. Qa3 Kb7 65. h4
Kc6 66. h5 b5 67. cxb5+ Kxb5 68. h6 a4 69. h7 Kc4 70. h8=Q Kd5 71. Qh5+ Ke6 72.
Qe3+ Kf6 73. Qb6+ Kg7 74. Qhg6+ Kh8 75. Qd8# 1-0

[Event "Titled Tue 17th Jun Late"]
[Site "chess.com INT"]
[Date "2025.06.17"]
[Round "11"]
[White "Steinberg, Nitzan"]
[Black "Manvelyan, Mikayel"]
[Result "1-0"]
[WhiteTitle "GM"]
[BlackTitle "FM"]
[WhiteElo "2554"]
[BlackElo "2362"]
[WhiteFideId "2801795"]
[BlackFideId "13310143"]
[EventDate "2025.06.17"]

1. d4 Nf6 2. c4 e6 3. Nf3 d5 4. g3 Be7 5. Bg2 O-O 6. O-O dxc4 7. Qc2 a6 8. a4
Bd7 9. Qxc4 Bc6 10. Nc3 b5 11. Qd3 b4 12. Nb1 Be4 13. Qd1 c5 14. Nbd2 Bb7 15.
dxc5 Bxc5 16. a5 Nbd7 17. Nb3 Be7 18. Bf4 Nd5 19. Bd2 Rc8 20. Rc1 N5f6 21. Nfd4
Bxg2 22. Kxg2 Nc5 23. Bxb4 Qd5+ 24. e4 Nfxe4 25. Bxc5 Nxc5+ 26. Qf3 Ne4 27. Rfd1
Bf6 28. Nc6 Qf5 29. Qxf5 exf5 30. f3 Ng5 31. Nbd4 g6 32. b4 Kg7 33. b5 Bxd4 34.
Nxd4 axb5 35. Nxb5 Ra8 36. Ra1 Rfb8 37. Rd5 Ne6 38. a6 Rb6 39. a7 Rb7 40. f4 Nc7
41. Nxc7 Rxc7 42. Rda5 Rb7 43. R1a2 Kf6 44. Kf3 Ke6 45. R2a3 Kd7 46. h3 Kc6 47.
g4 Kb6 48. gxf5 Rbxa7 49. Rxa7 Rxa7 50. Rxa7 Kxa7 51. fxg6 hxg6 52. Ke4 f6 53.
Kd5 Kb6 54. Ke6 g5 55. f5 Kc7 56. Kxf6 Kd6 57. Kxg5 Ke7 58. Kg6 Kf8 59. Kf6 Kg8
60. Ke7 Kg7 61. f6+ Kg6 62. f7 Kf5 63. f8=Q+ 1-0

[Event "Titled Tue 17th Jun Late"]
[Site "chess.com INT"]
[Date "2025.06.17"]
[Round "11"]
[White "Naroditsky, Daniel"]
[Black "Moussard, Jules"]
[Result "1/2-1/2"]
[WhiteTitle "GM"]
[BlackTitle "GM"]
[WhiteElo "2619"]
[BlackElo "2597"]
[WhiteFideId "2026961"]
[BlackFideId "642908"]
[EventDate "2025.06.17"]

1. e4 c5 2. Nf3 d6 3. Bb5+ Bd7 4. a4 Nc6 5. O-O Nf6 6. Re1 g6 7. c3 Bg7 8. h3
O-O 9. d4 cxd4 10. cxd4 a6 11. Bf1 Rc8 12. Nc3 Na5 13. e5 Ne8 14. Bg5 dxe5 15.
dxe5 h6 16. Bh4 g5 17. Bxg5 hxg5 18. Nxg5 Bf5 19. Qf3 e6 20. Qg3 Nc6 21. Rad1
Qe7 22. Bd3 f6 23. exf6 Qxf6 24. Bxf5 Qxf5 25. Nxe6 Rf7 26. Rd5 Qf6 27. Rg5 Ne7
28. Re4 Nf5 29. Qd3 Nfd6 30. Re2 Qh6 31. Rg6 Qc1+ 32. Kh2 Nf5 33. Nd5 Qc4 34.
Qxc4 Rxc4 35. Nxg7 Nexg7 36. Nf6+ Kf8 37. Nh7+ Kg8 38. Nf6+ Kf8 39. g4 Nd4 40.
Re3 Rc6 41. Nh7+ Kg8 42. Rxc6 Nxc6 43. Ng5 Rxf2+ 44. Kg3 Rxb2 45. h4 Nd4 46. Re4
Rb3+ 47. Kg2 Rb2+ 48. Kg3 Rb3+ 49. Kg2 Rb4 50. h5 Nc6 51. h6 Rxe4 52. Nxe4 Ne6
53. Kg3 Ne5 54. Kh4 b5 55. axb5 axb5 56. Kh5 b4 57. g5 b3 58. g6 Nf4+ 59. Kg5
Nfxg6 60. Kf5 Kh7 61. Nc3 Nc4 62. Ke4 Kxh6 63. Kd3 Nge5+ 64. Kd4 Kg5 65. Nd1 Kf4
66. Kc3 Na5 67. Kb4 Nec4 68. Kc3 Ke4 69. Nf2+ Ke3 70. Nd3 Nd6 71. Nc1 Ne4+ 72.
Kb2 Nc5 73. Nxb3 Naxb3 1/2-1/2

[Event "Titled Tue 17th Jun Late"]
[Site "chess.com INT"]
[Date "2025.06.17"]
[Round "11"]
[White "Mesquita, Eduardo Barbosa"]
[Black "Damaraju, Ashwin"]
[Result "1/2-1/2"]
[WhiteElo "2014"]
[BlackElo "2084"]
[WhiteFideId "22757163"]
[BlackFideId "39908348"]
[EventDate "2025.06.17"]

1. Nf3 Nf6 2. e3 g6 3. d4 Bg7 4. Bd3 O-O 5. O-O d6 6. Nc3 Nbd7 7. h3 b6 8. Qe2
a5 9. e4 e5 10. Bg5 exd4 11. Nxd4 Bb7 12. Rad1 Qe8 13. Ndb5 Rc8 14. Qd2 Nc5 15.
f3 Nxd3 16. cxd3 d5 17. Rfe1 dxe4 18. fxe4 Qe6 19. Qf4 Nh5 20. Qe3 c5 21. Bh6
Be5 22. Bxf8 Rxf8 23. a4 Rd8 24. d4 cxd4 25. Nxd4 Qe7 26. Nf3 Bd6 27. Qg5 Bc5+
28. Kh1 f6 29. Rxd8+ Qxd8 30. Qh4 Qd6 31. g4 Qf4 32. Kg2 Ng7 33. Qg3 Ne6 34.
Qxf4 Nxf4+ 35. Kg3 Bd6 36. e5 fxe5 37. Ne4 Bc7 38. h4 Nd3 39. Re3 Nc5 40. Nxc5
e4+ 41. Kf2 bxc5 42. Nd2 Bf4 43. Re2 e3+ 44. Rxe3 Bxe3+ 45. Kxe3 Kf7 46. g5 Ke6
47. b3 Ke5 48. Nf1 Kf5 49. Nh2 Bd5 50. Kd3 Bxb3 51. Nf1 Bxa4 52. Ne3+ Kf4 53.
Nd5+ Kg4 54. Nf6+ Kxh4 55. Nxh7 Bb5+ 56. Kc3 a4 57. Kb2 Bd3 58. Kc3 Bf5 59. Kb2
c4 60. Kc3 a3 61. Nf6 Kxg5 62. Nd5 Kg4 63. Ne3+ Kf3 64. Nxc4 a2 65. Kb2 Bb1 66.
Ne5+ Ke2 67. Nxg6 Bxg6 68. Kxa2 1/2-1/2

[Event "Titled Tue 17th Jun Late"]
[Site "chess.com INT"]
[Date "2025.06.17"]
[Round "11"]
[White "Piesik, Piotr"]
[Black "Estrada Nieto, Julian"]
[Result "1-0"]
[WhiteTitle "IM"]
[BlackTitle "IM"]
[WhiteElo "2436"]
[BlackElo "2181"]
[WhiteFideId "1136194"]
[BlackFideId "5101018"]
[EventDate "2025.06.17"]

1. Nf3 d5 2. g3 Nf6 3. Bg2 Bf5 4. O-O e6 5. c4 c6 6. cxd5 cxd5 7. d3 Nc6 8. Nc3
Be7 9. Qa4 O-O 10. e4 Bg6 11. Nh4 dxe4 12. Nxg6 hxg6 13. dxe4 Bc5 14. Bg5 Qb6
15. Qb3 Qxb3 16. axb3 Nd4 17. e5 Nd7 18. Rae1 Nxb3 19. Bxb7 Rab8 20. Bc6 Nb6 21.
Ne4 Bd4 22. Nd6 Bxb2 23. Be7 Nd2 24. Re2 Nxf1 25. Rxb2 Nd5 26. Rxb8 Rxb8 27.
Bxd5 Rb1 28. Be4 Ra1 29. Kg2 Nd2 30. Bc6 a5 31. Be8 a4 32. Bxf7+ Kh7 33. Bxe6 a3
34. Nb5 a2 35. Bxa2 Rxa2 36. Nc3 Rc2 37. Bb4 Nc4 38. e6 Kg8 39. Nd5 Ne5 40. e7
Kf7 41. Bc3 Rxc3 42. Nxc3 Kxe7 43. f4 Nd3 44. Kf3 Ke6 45. Ke4 Nc5+ 46. Ke3 Nd7
47. Ne4 Nb6 48. Kf3 Nd5 49. Kg4 Kf7 50. Kg5 Ne7 51. Nc5 Nd5 52. Nd3 Ke6 53. Ne5
Ne7 54. Nxg6 Nd5 55. Ne5 Ne3 56. Nf3 Kf7 57. Ne5+ Kg8 58. Kg6 Nf1 59. Nf3 Ne3
60. f5 Nd5 61. Kg5 Ne7 62. g4 Nd5 63. h4 Nf6 64. h5 Ne4+ 65. Kf4 Nf2 66. g5 Nd3+
67. Ke4 Nc5+ 68. Kd5 Nd7 69. Kd6 Nf8 70. g6 Kh8 71. Ke7 Kg8 72. Ng5 1-0

[Event "Titled Tue 17th Jun Late"]
[Site "chess.com INT"]
[Date "2025.06.17"]
[Round "11"]
[White "Caprio, Guido"]
[Black "Rogov, Matfey"]
[Result "1-0"]
[WhiteTitle "IM"]
[BlackTitle "FM"]
[WhiteElo "2435"]
[BlackElo "2348"]
[WhiteFideId "834580"]
[BlackFideId "44191308"]
[EventDate "2025.06.17"]

1. d4 d5 2. c4 Nc6 3. e3 e5 4. cxd5 Qxd5 5. Nc3 Bb4 6. a3 Bxc3+ 7. bxc3 Nge7 8.
c4 Qd6 9. d5 Nb8 10. e4 Nd7 11. Bd3 Nc5 12. Bc2 O-O 13. Nf3 f5 14. exf5 e4 15.
Nd4 Nxf5 16. O-O Qg6 17. Bb2 Nh4 18. g3 Bh3 19. Re1 Bg4 20. Qd2 Bf3 21. h3 Rae8
22. Re3 Bh5 23. g4 Rf4 24. Rg3 Ref8 25. gxh5 Qxh5 26. Rf1 g6 27. Kh1 Nd7 28. Ne6
Rf3 29. Qd4 R8f6 30. Bd1 Nf5 31. Bxf3 Nxg3+ 32. fxg3 Qxh3+ 33. Kg1 exf3 34. Qh4
Qxh4 35. gxh4 Rf5 36. Kf2 b5 37. Nxc7 bxc4 38. Re1 Nc5 39. Re8+ Kf7 40. Bd4 Nd3+
41. Ke3 f2 42. d6 Rf3+ 43. Kd2 f1=Q 44. Re7+ Kg8 45. Rg7+ Kh8 46. Rxg6+ Rf6 47.
Bxf6+ Qxf6 48. Rxf6 Nc5 49. Rf5 Ne4+ 50. Ke3 Nxd6 51. Rd5 Nf7 52. Kd4 c3 53.
Kxc3 Nh6 54. Rc5 Ng4 55. Rc4 Nf2 56. Nb5 Nd1+ 57. Kd2 Nf2 58. Rc8+ Kg7 59. Rc7+
Kf6 60. Rxa7 h5 61. Ke3 Ng4+ 62. Kf4 Nf2 63. Ra6+ Ke7 64. Kg5 Ne4+ 65. Kxh5 1-0

[Event "Titled Tue 17th Jun Late"]
[Site "chess.com INT"]
[Date "2025.06.17"]
[Round "11"]
[White "Zou, Chen"]
[Black "Thomforde-Toates, Noah"]
[Result "1/2-1/2"]
[WhiteTitle "IM"]
[WhiteElo "2443"]
[BlackElo "2128"]
[WhiteFideId "8610959"]
[BlackFideId "30951992"]
[EventDate "2025.06.17"]

1. e3 Nf6 2. Nf3 g6 3. d4 Bg7 4. Be2 d6 5. O-O Nbd7 6. c4 O-O 7. Nc3 b6 8. e4
Bb7 9. d5 e5 10. Bg5 h6 11. Bh4 a5 12. Nd2 Nc5 13. b3 Qe8 14. a3 Nh7 15. b4 Na6
16. Rb1 Bc8 17. f3 h5 18. Bf2 f5 19. bxa5 bxa5 20. Nb3 a4 21. Na5 Nc5 22. Nc6
fxe4 23. fxe4 Bh6 24. Bxc5 Rxf1+ 25. Qxf1 dxc5 26. Qf2 Bf8 27. Rf1 Bd6 28. Nb5
Bd7 29. Qg3 Bxc6 30. dxc6 Kh8 31. Rd1 Rd8 32. Nxd6 Rxd6 33. Rxd6 cxd6 34. c7 Qd7
35. Qxg6 Qxc7 36. Bxh5 Nf8 37. Qf6+ Kg8 38. Be8 Nh7 39. Qe6+ Kg7 40. Qg6+ Kf8
41. Bxa4 Qa5 42. Qe8+ Kg7 43. Qe7+ Kg8 44. Qe8+ Kg7 45. Qd7+ Kg8 46. h3 Nf6 47.
Qe6+ Kg7 48. Qe7+ Kg6 49. Be8+ Nxe8 50. Qxe8+ Kf6 51. Qf8+ Ke6 52. Qf5+ Ke7 53.
Kh2 Qxa3 54. h4 Qd3 55. h5 Qxc4 56. h6 Qf7 57. h7 Qg7 58. Qh5 Qh8 59. Qg6 Kf8
60. Qxd6+ Kf7 61. Qd7+ Kg6 62. Qf5+ Kh6 63. Kg3 Qxh7 64. Qxe5 Qg6+ 65. Kf3 Qc6
66. Ke3 c4 67. Qd5 Qb6+ 68. Qd4 Qb3+ 69. Kf4 c3 70. Qf6+ Kh7 71. Qe7+ Kg8 72.
Qe8+ Kg7 73. Qe7+ Kg8 74. Qe8+ Kg7 75. Qe7+ Kg8 1/2-1/2

[Event "Titled Tue 17th Jun Late"]
[Site "chess.com INT"]
[Date "2025.06.17"]
[Round "11"]
[White "Hernandez Bermudez, Ulises Eduardo"]
[Black "Ismayilova, Khanim"]
[Result "0-1"]
[BlackTitle "WCM"]
[WhiteElo "2042"]
[BlackElo "1971"]
[WhiteFideId "3902510"]
[BlackFideId "13429019"]
[EventDate "2025.06.17"]

1. e4 c5 2. c3 Nf6 3. e5 Nd5 4. d4 d6 5. Nf3 Nc6 6. exd6 exd6 7. Bc4 Nb6 8. Bb3
cxd4 9. Nxd4 d5 10. O-O Be7 11. Bf4 Nxd4 12. Qxd4 O-O 13. Nd2 Bf6 14. Be5 Bxe5
15. Qxe5 Be6 16. Rfe1 Nd7 17. Qd4 Nf6 18. Nf3 Qc7 19. Rad1 h6 20. h3 Rad8 21.
Ne5 a6 22. Nd3 Rfe8 23. Nc5 Bf5 24. Rxe8+ Rxe8 25. Bxd5 Rd8 26. c4 Kh8 27. Nxb7
Rxd5 28. cxd5 Qxb7 29. Qe5 Bd7 30. d6 Bc6 31. b3 Qb5 32. Qe7 Qg5 33. g3 Bd7 34.
h4 Qg4 35. Re1 Qh5 36. Qd8+ Kh7 37. Qc7 Qd5 38. Qc2+ Bf5 39. Qd1 Bh3 40. Qxd5
Nxd5 41. Rd1 Nb6 42. f3 Bd7 43. Kf2 Kg6 44. Ke3 Kf6 45. Kd4 Ke6 46. Kc5 Nc8 47.
Re1+ Kf6 48. Re4 Be6 49. Kc6 Na7+ 50. Kb7 Nc8 51. Rf4+ Ke5 52. d7 Bxd7 53. Rxf7
Nd6+ 54. Kc7 Nxf7 55. Kxd7 Nd6 56. f4+ Kd5 57. Ke7 Nf5+ 58. Kf7 Nxg3 59. Kxg7 h5
60. Kg6 Ke4 61. f5 Nxf5 62. Kxh5 Kd4 63. Kg5 Ke5 64. h5 Ke6 65. a4 Nd4 66. Kg6
Nxb3 67. h6 Nc5 68. h7 Nxa4 69. h8=Q Nc5 70. Qa1 Kd5 71. Kf5 Kc4 72. Qa2+ Kb5
73. Ke5 a5 74. Kd5 Kb4 75. Qb2+ Nb3 76. Qa2 a4 77. Ke4 a3 78. Kd3 Nc1+ 79. Kc2
Nxa2 80. Kb1 Kb3 81. Ka1 Nb4 82. Kb1 a2+ 83. Ka1 Nc2# 0-1

[Event "Titled Tue 17th Jun Late"]
[Site "chess.com INT"]
[Date "2025.06.17"]
[Round "11"]
[White "Dubnevych, Maksym"]
[Black "Avramidou, Anastasia"]
[Result "1-0"]
[WhiteTitle "FM"]
[BlackTitle "FM"]
[WhiteElo "2296"]
[BlackElo "2294"]
[WhiteFideId "14184001"]
[BlackFideId "4239873"]
[EventDate "2025.06.17"]

1. Nc3 e5 2. Nf3 Nc6 3. d4 exd4 4. Nxd4 Nf6 5. Bg5 Be7 6. Nf5 O-O 7. Nxe7+ Qxe7
8. Nd5 Qe5 9. Bxf6 gxf6 10. e3 Ne7 11. Nxe7+ Qxe7 12. Bd3 Qe5 13. Qg4+ Qg5 14.
Qe4 Qg7 15. O-O-O c6 16. h4 d5 17. Qf4 Be6 18. g4 Kh8 19. g5 f5 20. Bxf5 Bxf5
21. Qxf5 f6 22. Rh2 Rf7 23. Rg1 Raf8 24. g6 Re7 25. h5 h6 26. Rd1 Re5 27. Qh3
Qe7 28. Rg2 Kg7 29. Rg4 Qe6 30. Qh4 Re8 31. Rgd4 Re7 32. a3 Rg5 33. Kb1 Re5 34.
Rg1 Qf5 35. Rf4 Qe6 36. Rg3 Re4 37. Rgf3 Rxf4 38. Qxf4 Qe5 39. Qg4 Qg5 40. Qh3
Qe5 41. Rf5 Qe6 42. Qf3 Qd6 43. Rf4 Qe6 44. Qd1 Qe5 45. Qg1 Qxh5 46. Rg4 Qf5 47.
Rg3 h5 48. Qg2 Re5 49. Rf3 Qxg6 50. Qh3 Rg5 51. Qc8 Qf7 52. Rf4 Rg1+ 53. Ka2 d4+
54. b3 dxe3 55. fxe3 Rg2 56. Kb2 Rg5 57. Re4 Re5 58. Rd4 Re7 59. e4 h4 60. Rd3
f5 61. exf5 Qf6+ 62. Ka2 Re2 63. Qxb7+ Kh6 64. b4 Rxc2+ 65. Kb3 Rb2+ 66. Ka4 Re2
67. Rd7 Re5 68. Rh7+ Kg5 69. Qc8 Kg4 70. Qg8+ Kf3 71. Qg6 Qxf5 72. Qxc6+ Re4 73.
Rd7 Qe5 74. Rd5 Qb2 75. Rc5 Qb1 76. Rc3+ 1-0

[Event "Titled Tue 17th Jun Late"]
[Site "chess.com INT"]
[Date "2025.06.17"]
[Round "11"]
[White "Nayak, Rajesh"]
[Black "Moreira, Ronaldo Alonso"]
[Result "1-0"]
[WhiteTitle "FM"]
[WhiteElo "2262"]
[BlackElo "2094"]
[WhiteFideId "35017152"]
[BlackFideId "2110547"]
[EventDate "2025.06.17"]

1. d4 Nf6 2. Nc3 d5 3. Bf4 e6 4. Nb5 Na6 5. e3 Be7 6. Nf3 O-O 7. Bd3 c6 8. Nc3
c5 9. Bxa6 bxa6 10. O-O Bd6 11. Ne5 Qc7 12. Qe2 Rb8 13. Rab1 cxd4 14. exd4 Rxb2
15. Rxb2 Qxc3 16. Rb3 Qxd4 17. Bg3 Ne4 18. Nf3 Nxg3 19. Nxd4 Nxe2+ 20. Nxe2 Bd7
21. Nd4 e5 22. Nf3 Bb5 23. Re1 f6 24. Rd1 d4 25. c3 Bc4 26. cxd4 Bxb3 27. axb3
Rb8 28. dxe5 Bxe5 29. Nxe5 fxe5 30. Rd3 Kf7 31. f3 Ke6 32. Kf2 Rb6 33. Ke3 Rd6
34. Rc3 Rb6 35. g3 Rb4 36. Rc6+ Kd7 37. Rxa6 Rxb3+ 38. Ke4 Rb7 39. Kxe5 Ke7 40.
h4 Rb5+ 41. Ke4 Rb7 42. f4 Kf7 43. g4 Rb4+ 44. Ke5 Rb5+ 45. Kd4 Rb4+ 46. Ke3
Rb3+ 47. Ke2 Rb2+ 48. Kd3 Rb3+ 49. Kc4 Rb7 50. h5 Ke7 51. Kd4 Rb4+ 52. Ke5 Rb5+
53. Ke4 Rb4+ 54. Kf3 Rb3+ 55. Kg2 Rb2+ 56. Kg3 Rb3+ 57. Kh4 Rb7 58. Kg5 Kf7 59.
h6 Rb5+ 60. f5 Rb7 61. hxg7 Kxg7 62. Kh5 Kf7 63. Kh6 Kg8 64. Kh5 Kg7 65. g5 Rc7
66. f6+ Kf7 67. Kh6 Kg8 68. Rd6 1-0

[Event "Titled Tue 17th Jun Late"]
[Site "chess.com INT"]
[Date "2025.06.17"]
[Round "11"]
[White "Gubajdullin, Alexei"]
[Black "Suarez, Pedro"]
[Result "1/2-1/2"]
[WhiteTitle "FM"]
[BlackTitle "CM"]
[WhiteElo "2233"]
[BlackElo "2066"]
[WhiteFideId "4141202"]
[BlackFideId "3007642"]
[EventDate "2025.06.17"]

1. d4 Nf6 2. Nf3 g6 3. Bf4 Bg7 4. e3 d6 5. Be2 O-O 6. O-O Nc6 7. h3 b6 8. Bh2
Bb7 9. Nc3 Re8 10. a4 e5 11. Re1 exd4 12. exd4 a5 13. Bb5 Rxe1+ 14. Qxe1 Ne7 15.
Qe2 Ned5 16. Nxd5 Nxd5 17. Re1 Bf6 18. Qe4 Rb8 19. Qg4 Ne7 20. h4 h5 21. Qf4 Nf5
22. Re8+ Qxe8 23. Bxe8 Rxe8 24. Bg3 Bxf3 25. Qxf3 Bxd4 26. Qc6 Re7 27. c3 Bc5
28. Kf1 Nxg3+ 29. fxg3 Kg7 30. Qb5 Re4 31. Qd3 f5 32. Qd5 Re7 33. Qc6 Kf6 34.
Qb5 Re4 35. Qd7 Re7 36. Qd8 Kf7 37. Qh8 d5 38. Qh7+ Kf6 39. Qg8 d4 40. cxd4 Bxd4
41. Qh8+ Rg7 42. Qd8+ Ke5 43. Qe8+ Kd5 44. Qb5+ Bc5 45. b3 Re7 46. Qc4+ Kd6 47.
Qg8 Bb4 48. Qxg6+ Ke5 49. Qxh5 Kf6 50. g4 fxg4 51. Qg5+ Kf7 52. Qxg4 Re1+ 53.
Kf2 Re6 54. h5 Bd6 55. Qg5 Rf6+ 56. Ke2 Bf4 57. Qd5+ Kg7 58. g4 Rd6 59. Qf5 Rf6
60. Qd7+ Kh6 61. Qd8 Kg5 62. Qg8+ Kh4 63. Qg7 Bg5 64. Kd3 Rh6 65. Qxc7 Kxg4 66.
Qd7+ Kxh5 67. Kc4 Rf6 68. Kb5 Kg6 69. Qe8+ Kf5 70. Qd7+ Kf4 71. Qc7+ Ke4 72.
Qc4+ Kf5 73. Qd3+ Kf4 74. Qd4+ Kf5 75. Qd5+ Kg6 76. Qg8+ Kf5 77. Qe8 Kf4 78. Qd7
Ke5 79. Qe7+ Kf4 80. Qe8 Kf5 81. Qd7+ Kg6 82. Qd3+ Kg7 83. Qg3 Kg6 84. Qg4 Kh6
85. Ka6 Kg6 86. Qh3 Kg7 87. Kb7 Kg6 88. Kc7 Bf4+ 89. Kd7 Bg5 90. Ke8 Rf4 91.
Qd3+ Kh5 92. Kd7 Rf6 93. Qh3+ Kg6 94. Qg4 Rf7+ 95. Kc6 Rf6+ 96. Kb5 Kh6 97. Qe4
Kg7 98. Ka6 Kh6 99. Kb5 Kg7 100. Ka6 Kh6 101. Kb7 Kg7 102. Ka6 1/2-1/2

[Event "Titled Tue 17th Jun Late"]
[Site "chess.com INT"]
[Date "2025.06.17"]
[Round "11"]
[White "Sheehan, Ethan"]
[Black "Grover, Sahaj"]
[Result "0-1"]
[BlackTitle "GM"]
[WhiteElo "2364"]
[BlackElo "2465"]
[WhiteFideId "30943965"]
[BlackFideId "5021103"]
[EventDate "2025.06.17"]

1. d4 Nf6 2. Nf3 g6 3. c4 Bg7 4. Nc3 O-O 5. e4 d6 6. Be2 Nbd7 7. O-O e5 8. Re1
exd4 9. Nxd4 Re8 10. f3 c6 11. Bf1 Qb6 12. Kh1 Ng4 13. fxg4 Qxd4 14. Bf4 Qxd1
15. Raxd1 Ne5 16. h3 Bf8 17. Rd2 f6 18. b3 Be6 19. Red1 Nf7 20. Ne2 Rad8 21. Be3
a6 22. Bd4 Ne5 23. g5 Be7 24. gxf6 Bxf6 25. Bb6 Rd7 26. Rxd6 Rxd6 27. Rxd6 Nf7
28. Rd1 h5 29. c5 Ng5 30. Nf4 Nxe4 31. Kg1 Bf7 32. Rd7 Ng3 33. Bd3 g5 34. Rxf7
Kxf7 35. Bg6+ Ke7 36. Bxe8 gxf4 37. Bg6 Bd4+ 38. Kh2 Kf6 39. Bd3 Ke7 40. b4 Be5
41. a4 h4 42. b5 axb5 43. axb5 Nh5 44. Kg1 Bd4+ 45. Kf1 Ng3+ 46. Ke1 Ke6 47.
Bc4+ Ke5 48. Bc7+ Ke4 49. Bd6 Ke3 50. b6 Ne4 51. Ba6 Bxc5 52. Bxf4+ Kxf4 53.
Bxb7 Bxb6 54. Bxc6 Ng3 55. Bf3 Ke3 56. Ba8 Ba5+ 57. Kd1 Kf2 58. Bb7 Nf5 59. Kc2
Ne3+ 60. Kd3 Nxg2 61. Ke4 Kg3 62. Bc8 Nf4 63. Ke3 Bb6+ 64. Kd2 Nxh3 65. Ke2 Nf4+
66. Kf1 Kf3 67. Bd7 Nh5 68. Bc6+ Kg3 69. Bd7 Nf4 70. Bc8 h3 71. Bxh3 Kxh3 72.
Ke1 Kg3 73. Kf1 Bd4 74. Ke1 Kf3 75. Kd2 Ke4 76. Kc2 Ke3 77. Kb3 Kd3 78. Kb4 Ne6
79. Kb5 Ke4 80. Kc6 Ke5 81. Kd7 Kd5 82. Kc8 Kc6 83. Kb8 Nc7 84. Kc8 Ba7 85. Kd8
Nd5 86. Kc8 Ne7+ 87. Kd8 Kd6 88. Ke8 Ke6 89. Kd8 Bb6+ 90. Ke8 Bc7 91. Kf8 Nf5
92. Kg8 Kf6 93. Kh7 Kf7 94. Kh8 Bd6 95. Kh7 Bf8 96. Kh8 Ne7 97. Kh7 Nd5 98. Kh8
Bg7+ 99. Kh7 Nf6# 0-1

[Event "Titled Tue 17th Jun Late"]
[Site "chess.com INT"]
[Date "2025.06.17"]
[Round "11"]
[White "Ilinca, Felix-Antonio"]
[Black "Sethuraman, Roshan"]
[Result "0-1"]
[WhiteTitle "IM"]
[WhiteElo "2431"]
[BlackElo "2074"]
[WhiteFideId "54764998"]
[BlackFideId "30965250"]
[EventDate "2025.06.17"]

1. b3 Nf6 2. Bb2 e6 3. Nf3 d5 4. e3 c5 5. c4 Nc6 6. cxd5 exd5 7. d4 Bg4 8. dxc5
Bxc5 9. Be2 O-O 10. Kf1 Re8 11. Nc3 Qd7 12. Rc1 Rad8 13. Na4 Be7 14. h3 Bh5 15.
Nd4 Bxe2+ 16. Qxe2 Ne4 17. Nxc6 bxc6 18. Qg4 Qxg4 19. hxg4 c5 20. Rd1 c4 21. Rh5
cxb3 22. axb3 Rb8 23. Rd3 Rxb3 24. Rxb3 Nd2+ 25. Ke2 Nxb3 26. Rxd5 Rb8 27. Rd7
Nc5 28. Rxe7 Nxa4 29. Bd4 Ra8 30. Bxa7 Nc3+ 31. Kf3 Nd5 32. Rb7 h6 33. Bd4 Re8
34. Rd7 Ne7 35. Kg3 Nc6 36. Bc3 Ne5 37. Rd5 Ng6 38. Bd4 Ne7 39. Rd6 h5 40. f3
hxg4 41. Kxg4 f6 42. e4 Kf7 43. Rd7 Ke6 44. Rb7 Rc8 45. Rb6+ Kf7 46. g3 Rc4 47.
Rd6 Nc6 48. Bb2 Rc2 49. Bd4 Rc4 50. Be3 Ne5+ 51. Kf4 Rc3 52. Ra6 Ng6+ 53. Kf5
Rxe3 54. Ra7+ Ne7+ 55. Kf4 Rb3 56. g4 Rb5 57. Ra6 g5+ 58. Kg3 Rb3 59. Ra7 Kf8
60. Ra8+ Kf7 61. Ra7 Rb5 62. Kf2 Re5 63. Kg3 Kg6 64. Ra6 Kg7 65. Ra7 Kh6 66. Ra6
Kg6 67. Kf2 Ng8 68. Kg3 Nh6 69. Kf2 Nf7 70. Kg3 Nd8 71. Kf2 Ne6 72. Ke3 Nf4 73.
Ra8 Rc5 74. Ra3 Rb5 75. Kd4 Rb2 76. Ke3 Re2+ 77. Kd4 Rd2+ 78. Ke3 Rd6 79. Ra5
Rd3+ 80. Kf2 Rd2+ 81. Ke3 Re2+ 82. Kd4 Ne6+ 83. Kd3 Nf4+ 84. Kd4 Re1 85. Ra6
Rd1+ 86. Ke3 Rd3+ 87. Kf2 Rb3 88. Rc6 Kf7 89. Rc7+ Ke6 90. Rc6+ Ke5 91. Ra6 Rb2+
92. Kf1 Kd4 93. Ra3 Nd3 0-1

[Event "Titled Tue 17th Jun Late"]
[Site "chess.com INT"]
[Date "2025.06.17"]
[Round "11"]
[White "Svane, Rasmus"]
[Black "Pranav, V"]
[Result "0-1"]
[WhiteTitle "GM"]
[BlackTitle "GM"]
[WhiteElo "2626"]
[BlackElo "2595"]
[WhiteFideId "4657101"]
[BlackFideId "25060783"]
[EventDate "2025.06.17"]

1. Nf3 Nf6 2. g3 d5 3. Bg2 c6 4. O-O Bg4 5. h3 Bxf3 6. Bxf3 Nbd7 7. d3 e5 8. e4
dxe4 9. dxe4 Bc5 10. Nd2 O-O 11. a4 a5 12. Qe2 Qe7 13. Nb3 Bb6 14. Rd1 Rfd8 15.
Kg2 Nf8 16. Bd2 Ne6 17. c3 h6 18. h4 Nc5 19. Nxc5 Bxc5 20. Qc4 Ne8 21. Be1 Nc7
22. Bg4 Ne8 23. Rab1 Ba7 24. Bf3 Nd6 25. Qb3 Rd7 26. Rd3 Ne8 27. Rxd7 Qxd7 28.
Rd1 Qe7 29. Rd3 Nf6 30. Bd2 Rb8 31. Bc1 Nd7 32. Qd1 Nc5 33. Rd2 Bb6 34. Qc2 Qe6
35. Be2 Qa2 36. Bd1 Qc4 37. Re2 Rd8 38. Be3 Nd7 39. b3 Qe6 40. Bxb6 Nxb6 41. Rd2
Rd6 42. b4 Nc4 43. Rxd6 Qxd6 44. Be2 Qd2 45. Qxd2 Nxd2 46. bxa5 Nxe4 47. a6 bxa6
48. Bxa6 Nc5 49. Bc8 Nxa4 50. Bd7 Nxc3 51. Bxc6 Kf8 52. Kf3 Ke7 53. Ke3 Ke6 54.
Kd2 Nd5 55. Ba4 f5 56. Bb3 e4 57. Ke2 Ke5 58. Bc4 Nf6 59. Ke1 Ng4 60. Bb3 Nh2
61. Ke2 Nf3 62. Bg8 f4 63. Ba2 Nd4+ 64. Kf1 fxg3 65. fxg3 e3 66. Bb1 Kd5 67. Bd3
Kc5 68. Ke1 Kb4 69. Ba6 Kc3 70. g4 g5 71. hxg5 hxg5 72. Bf1 Kb4 73. Bd3 Kc5 74.
Ba6 Kd5 75. Bd3 Ke5 76. Ba6 Kf4 77. Bc8 Nf3+ 78. Ke2 Nd4+ 79. Ke1 Kf3 80. Bf5 e2
81. Bd3 Ke3 82. Bf5 Nf3# 0-1

[Event "Titled Tue 17th Jun Late"]
[Site "chess.com INT"]
[Date "2025.06.17"]
[Round "11"]
[White "Miserendino, Alfredo"]
[Black "Uyanga, Byambaa"]
[Result "1-0"]
[BlackTitle "WFM"]
[WhiteElo "2032"]
[BlackElo "2006"]
[WhiteFideId "101800"]
[BlackFideId "2054906"]
[EventDate "2025.06.17"]

1. e4 c5 2. Nf3 d6 3. Bb5+ Nd7 4. d4 cxd4 5. Qxd4 Nf6 6. c4 g6 7. Nc3 Bg7 8. Rb1
O-O 9. Bxd7 Nxd7 10. Qd3 Nc5 11. Qe2 Bg4 12. O-O Ne6 13. Be3 Nd4 14. Bxd4 Bxd4
15. Qd3 Bf6 16. Nd5 Bg7 17. h3 Bd7 18. b3 e6 19. Ne3 Bc6 20. Nd4 Bd7 21. Rfd1 a6
22. Ne2 Bc6 23. Nd4 Be8 24. Nf3 Qa5 25. a4 Rd8 26. Qc2 b5 27. axb5 axb5 28. Nd4
bxc4 29. bxc4 Ba4 30. Nb3 Qb4 31. Qd3 Qc3 32. Qxc3 Bxc3 33. Rd3 Be5 34. Nd4 Rb8
35. Nb5 Rfc8 36. Re1 Bxb5 37. cxb5 Rxb5 38. Ng4 Bf4 39. g3 h5 40. gxf4 hxg4 41.
hxg4 Rb6 42. Red1 Rc4 43. f3 Rcc6 44. Kf2 Kg7 45. Ke3 Rb2 46. R1d2 Rb1 47. Rd1
Rb2 48. R1d2 Rbb6 49. Rd1 e5 50. f5 Kf6 51. Rg1 g5 52. Rh1 Ke7 53. Rh8 Rb2 54.
Rh7 Rcc2 55. Ra3 Re2+ 56. Kd3 Rf2 57. Ke3 Rbe2+ 58. Kd3 Rxf3+ 59. Kxe2 Rxa3 60.
Rh6 Ra4 61. Ke3 Ra3+ 62. Ke2 Rg3 63. Rh5 Rxg4 64. Kf3 Rf4+ 65. Ke3 g4 66. Rg5
Kf6 67. Rg8 Ke7 68. Rg7 Kf6 69. Rg8 Rf3+ 70. Ke2 Rg3 71. Rd8 Rg2+ 72. Ke3 Ra2
73. Rxd6+ Kg5 74. Rd3 Ra3 75. Rxa3 g3 76. Kf3 Kh4 77. Kg2 Kg4 78. Ra4 Kf4 79.
Rb4 f6 80. Rb6 Kxe4 81. Rxf6 Kf4 82. Re6 Kxf5 83. Re8 Kf4 84. Rf8+ Ke3 85. Kxg3
Ke2 86. Re8 1-0